000 00591nam a2200217 a 4500
001 0125
005 20140414132004.0
008 040802s19uu xx 00 eng d
020 _a0-88309-410-X
050 _aTR 372.634
_bHa233 1989
245 _aHandwriting book :
_bbasic skills and application.
250 _aTeacher's Edition (Spring)
260 _aColumbus, Ohio :
_bZaner-Bloser,
_c1987.
300 _a96 p. : ill. ; cm.
520 _aBinder section
650 _aPenmanship
_xStudy and teaching.
999 _c113148
_d113148